[Event "Landesliga West MV 2013/14"]
[Site "?"]
[Date "2013.11.24"]
[Round "3.5"]
[White "Borchert, Ulf"]
[Black "Oelke, Bernd"]
[Result "1/2-1/2"]
[WhiteElo "1872"]
[BlackElo "1764"]
[PlyCount "50"]
[EventType "team-tourn"]
[EventRounds "9"]
[WhiteTeam "ASV GW Wismar"]
[BlackTeam "Putlitzer SV 1921"]

1. d4 d5 2. Nf3 Bf5 3. e3 e6 4. Bd3 Bxd3 5. Qxd3 c6 6. O-O Nf6 7. Nbd2 Nbd7 8.
e4 dxe4 9. Nxe4 Be7 10. Bf4 Nxe4 11. Qxe4 O-O 12. c3 Nf6 13. Qc2 h6 14. Rad1
Qb6 15. Ne5 Rad8 16. Rd3 c5 17. Be3 cxd4 18. Bxd4 Bc5 19. Bxc5 Qxc5 20. Nf3
Rxd3 21. Qxd3 Qb6 22. Qc2 Rd8 23. h3 Qd6 24. Rc1 a6 25. c4 Qc5 1/2-1/2

[Event "Landesliga West MV 2013/14"]
[Site "?"]
[Date "2013.11.24"]
[Round "3.6"]
[White "Philipp, Daniel"]
[Black "Podolskiy, Alexander"]
[Result "0-1"]
[WhiteElo "1575"]
[BlackElo "1846"]
[PlyCount "54"]
[EventType "team-tourn"]
[EventRounds "9"]
[WhiteTeam "Putlitzer SV 1921"]
[BlackTeam "ASV GW Wismar"]

1. e4 e5 2. Nf3 d6 3. Bc4 Be7 4. Nc3 Nf6 5. O-O Bg4 6. h3 Bh5 7. d3 O-O 8. Nd5
Nxd5 9. Bxd5 c6 10. Bb3 Nd7 11. g4 Bg6 12. Nh2 Nc5 13. f4 Nxb3 14. axb3 exf4
15. Bxf4 f6 16. Nf3 d5 17. exd5 Qxd5 18. Be3 f5 19. Nd2 fxg4 20. Qxg4 Bf5 21.
Qg2 Qd7 22. Rf3 Be6 23. Bh6 Bc5+ 24. Be3 Rxf3 25. Qxf3 Rf8 26. Bxc5 Rxf3 27.
Nxf3 Qd5 0-1

[Event "Landesliga West MV 2013/14"]
[Site "?"]
[Date "2013.11.24"]
[Round "3.7"]
[White "Pentzien, Volker"]
[Black "Gottschalk, Maik"]
[Result "1-0"]
[WhiteElo "1646"]
[BlackElo "1832"]
[PlyCount "57"]
[EventType "team-tourn"]
[EventRounds "9"]
[WhiteTeam "ASV GW Wismar"]
[BlackTeam "Putlitzer SV 1921"]

1. d4 d5 2. c4 e6 3. Nc3 Nf6 4. Nf3 c6 5. Bg5 Be7 6. e3 Nbd7 7. Bd3 dxc4 8.
Bxc4 b5 9. Bd3 Bb7 10. O-O a6 11. Qc2 Rc8 12. Ne5 Nxe5 13. dxe5 Ng4 14. Bf4 g5
15. f3 gxf4 16. fxg4 Qb6 17. Kh1 Rg8 18. exf4 Rxg4 19. Bxh7 c5 20. Be4 c4 21.
Qe2 Rh4 22. Qf3 Bxe4 23. Nxe4 Qd4 24. Rad1 Qxb2 25. Rf2 Qb4 26. f5 Qa4 27. fxe6
f5 28. exf6 Rxe4 29. fxe7 1-0

[Event "Landesliga West MV 2013/14"]
[Site "?"]
[Date "2013.11.24"]
[Round "3.8"]
[White "Paetzke, Bernd"]
[Black "Schulz, Bernd"]
[Result "0-1"]
[WhiteElo "1495"]
[BlackElo "1828"]
[PlyCount "40"]
[EventType "team-tourn"]
[EventRounds "9"]
[WhiteTeam "Putlitzer SV 1921"]
[BlackTeam "ASV GW Wismar"]

1. d4 Nf6 2. c4 g6 3. Nc3 Bg7 4. e4 d6 5. Nf3 O-O 6. Be2 c5 7. O-O cxd4 8. Nxd4
Nc6 9. Be3 Bd7 10. Qd2 Rc8 11. Rad1 Nxd4 12. Bxd4 Bc6 13. e5 dxe5 14. Bxe5 Qxd2
15. Rxd2 Rfd8 16. Rfd1 Rxd2 17. Rxd2 Ne4 18. Nxe4 Bxe5 19. Ng5 Bf4 20. Nf3 Bxf3
0-1

[Event "Landesliga West MV 2013/14"]
[Site "?"]
[Date "2013.11.24"]
[Round "3.1"]
[White "Schreiber, Kevin"]
[Black "Stadler, Bertino"]
[Result "1-0"]
[WhiteElo "1991"]
[BlackElo "1654"]
[PlyCount "105"]
[EventType "team-tourn"]
[EventRounds "9"]
[WhiteTeam "SC Mecklenburger Springer"]
[BlackTeam "SV Empor Kuehlungsborn"]

1. d4 d5 2. Nf3 Nf6 3. e3 e6 4. c4 dxc4 5. Bxc4 Be7 6. O-O O-O 7. Nc3 c6 8. a4
h6 9. Qe2 Nbd7 10. e4 Bb4 11. Na2 Be7 12. Rd1 Re8 13. Nc3 Bb4 14. e5 Nd5 15.
Nxd5 cxd5 16. Bd3 f5 17. exf6 Qxf6 18. Ne5 Nxe5 19. dxe5 Qf7 20. Bxh6 Bc5 21.
Be3 d4 22. Bg5 Bd7 23. Qe4 Qh5 24. Qg6 Qxg6 25. Bxg6 Rec8 26. h4 b5 27. axb5
Bxb5 28. Rac1 a5 29. Be4 Rab8 30. Kh2 Ba6 31. Ra1 Rxb2 32. Rxa5 Bb7 33. Bc1 Rb3
34. Bxb7 Rxb7 35. Ba3 Bxa3 36. Rxa3 Rd7 37. Rad3 Rcd8 38. Kg3 Rd5 39. f4 Kf7
40. Kf3 Ra8 41. Rxd4 Ra3+ 42. Kg4 Rb5 43. Rd7+ Kg8 44. R1d3 Ra2 45. g3 Ra4 46.
Kg5 Kh7 47. Re7 Rd5 48. Rb3 Ra8 49. h5 Rf8 50. Rbb7 Rf5+ 51. Kg4 Kh6 52. Rxe6+
Rf6 53. exf6 1-0

[Event "Landesliga West MV 2013/14"]
[Site "?"]
[Date "2013.11.24"]
[Round "3.2"]
[White "Kornblum, Harry"]
[Black "Schreiber, Felix"]
[Result "1-0"]
[WhiteElo "1868"]
[BlackElo "1819"]
[PlyCount "53"]
[EventType "team-tourn"]
[EventRounds "9"]
[WhiteTeam "SV Empor Kuehlungsborn"]
[BlackTeam "SC Mecklenburger Springer"]

1. d4 Nf6 2. Nf3 e6 3. Bg5 Be7 4. e3 b6 5. Bd3 Bb7 6. Nbd2 d5 7. O-O O-O 8. c4
Nbd7 9. Rc1 Rc8 10. a3 a5 11. Ne5 Nxe5 12. dxe5 Ne4 13. Bxe7 Qxe7 14. Bxe4 dxe4
15. Qc2 Qg5 16. Nxe4 Qxe5 17. Ng3 c5 18. Rcd1 Rfd8 19. Rd2 Qc7 20. Rfd1 Rxd2
21. Qxd2 Kf8 22. f3 Ke7 23. e4 f6 24. Nh5 g6 25. Qh6 gxh5 26. Qxh7+ Kf8 27. Rd7
1-0

[Event "Landesliga West MV 2013/14"]
[Site "?"]
[Date "2013.11.24"]
[Round "3.3"]
[White "Schreiber, Thomas"]
[Black "Gipp, Thomas"]
[Result "1-0"]
[WhiteElo "1902"]
[BlackElo "1765"]
[PlyCount "29"]
[EventType "team-tourn"]
[EventRounds "9"]
[WhiteTeam "SC Mecklenburger Springer"]
[BlackTeam "SV Empor Kuehlungsborn"]

1. d4 g6 2. e4 Bg7 3. Bc4 d6 4. Nf3 Bg4 5. Bxf7+ Kf8 6. Bb3 h6 7. h3 Bd7 8. Nh4
Qe8 9. Qf3+ Nf6 10. e5 dxe5 11. dxe5 Bc6 12. Qd3 Ne4 13. Nc3 g5 14. Nxe4 gxh4
15. Qf3+ 1-0

[Event "Landesliga West MV 2013/14"]
[Site "?"]
[Date "2013.11.24"]
[Round "3.4"]
[White "Busz, Stephan"]
[Black "Konrad, Andreas"]
[Result "0-1"]
[WhiteElo "1891"]
[BlackElo "1757"]
[PlyCount "54"]
[EventType "team-tourn"]
[EventRounds "9"]
[WhiteTeam "SV Empor Kuehlungsborn"]
[BlackTeam "SC Mecklenburger Springer"]

1. d4 Nf6 2. Nf3 g6 3. Bf4 Bg7 4. Nbd2 d6 5. c3 O-O 6. e3 b6 7. Bd3 Bb7 8. h4
Nh5 9. Qc2 Nd7 10. g4 Nxf4 11. exf4 e5 12. fxe5 dxe5 13. h5 exd4 14. O-O-O dxc3
15. bxc3 Bxf3 16. Nxf3 Qf6 17. hxg6 fxg6 18. Bc4+ Kh8 19. Rxd7 Qxf3 20. Bd5
Qxg4 21. f3 Qg5+ 22. Kb1 Rad8 23. f4 Qg4 24. Rxd8 Rxd8 25. Be4 Rd6 26. Qa4 Qe6
27. Qxa7 Qxe4+ 0-1

[Event "Landesliga West MV 2013/14"]
[Site "?"]
[Date "2013.11.24"]
[Round "3.5"]
[White "Schreiber, Oliver"]
[Black "Prosz, Benjamin"]
[Result "0-1"]
[WhiteElo "1782"]
[BlackElo "1710"]
[PlyCount "100"]
[EventType "team-tourn"]
[EventRounds "9"]
[WhiteTeam "SC Mecklenburger Springer"]
[BlackTeam "SV Empor Kuehlungsborn"]

1. d4 g6 2. c4 Bg7 3. Nc3 d6 4. e4 Nh6 5. Nf3 O-O 6. Bf4 f6 7. Qd2 Nf7 8. Be3
Nd7 9. Bd3 c5 10. d5 Nde5 11. Be2 Nxf3+ 12. gxf3 a6 13. Rg1 Bd7 14. h4 Rb8 15.
h5 g5 16. f4 h6 17. fxg5 fxg5 18. f4 Bf6 19. fxg5 Bxg5 20. O-O-O e5 21. Rg3 Kh7
22. Rf1 Bxe3 23. Qxe3 Ng5 24. Rfg1 Rf4 25. Bg4 b5 26. Ne2 Rxe4 27. Qd3 Kh8 28.
Bxd7 Rxc4+ 29. Kb1 Qxd7 30. Qg6 Qh7 31. Qxh7+ Kxh7 32. Rf1 Kg7 33. Rg2 Rf8 34.
Rgf2 Rxf2 35. Rxf2 Rg4 36. Kc2 Ne4 37. Rf3 Rg5 38. Ra3 Rxh5 39. Rxa6 Rf5 40.
Kd3 Nf2+ 41. Ke3 Rf6 42. b4 cxb4 43. Rb6 h5 44. Rxb5 Nd1+ 45. Kd2 Nc3 46. Nxc3
bxc3+ 47. Kxc3 Rf3+ 48. Kc2 Kf6 49. Rb7 Ra3 50. Kb2 Ra5 0-1

[Event "Landesliga West MV 2013/14"]
[Site "?"]
[Date "2013.11.24"]
[Round "3.6"]
[White "Prueter, Reinhard"]
[Black "Schreiber, Nico"]
[Result "0-1"]
[WhiteElo "1634"]
[BlackElo "1729"]
[PlyCount "92"]
[EventType "team-tourn"]
[EventRounds "9"]
[WhiteTeam "SV Empor Kuehlungsborn"]
[BlackTeam "SC Mecklenburger Springer"]

1. d4 d5 2. Nf3 c6 3. e3 Nf6 4. c4 e6 5. Nc3 Nbd7 6. Bd2 Bd6 7. Qc2 b6 8. cxd5
Nxd5 $4 9. Ne4 Nb8 10. a3 Bc7 11. Rc1 O-O 12. Bd3 h6 13. O-O Bb7 14. b4 Nd7 15.
Ng3 N5f6 16. Rfd1 Re8 17. Bc3 Nd5 18. Bb2 a5 19. bxa5 Rxa5 20. Ne2 Bd6 21. Ra1
Qa8 22. e4 Ne7 23. Qc3 e5 24. dxe5 Nxe5 25. Nxe5 Bxe5 26. Qb3 Bxb2 27. Qxb2 b5
28. Nd4 Qb8 29. Nb3 Ra8 30. Nc5 Bc8 31. Qc3 Ng6 32. Bc2 Qe5 33. Qe3 Nf4 34. Bb3
Qg5 35. g3 Nh3+ 36. Kf1 Qxe3 37. fxe3 Ng5 38. Rd4 Bh3+ 39. Ke2 Bg2 40. h4 Nxe4
41. Nxe4 Bxe4 42. a4 c5 43. Rd7 c4 44. Bd1 b4 45. Rd4 b3 46. Rxc4 b2 0-1

[Event "Landesliga West MV 2013/14"]
[Site "?"]
[Date "2013.11.24"]
[Round "3.7"]
[White "Hopp, Peter"]
[Black "Miedeck, Franz"]
[Result "0-1"]
[WhiteElo "1592"]
[BlackElo "1637"]
[PlyCount "40"]
[EventType "team-tourn"]
[EventRounds "9"]
[WhiteTeam "SC Mecklenburger Springer"]
[BlackTeam "SV Empor Kuehlungsborn"]

1. e4 c5 2. Nf3 e6 3. d4 cxd4 4. Nxd4 Nc6 5. a3 a6 6. Nc3 Nf6 7. Be3 Be7 8. Be2
d6 9. Qd2 Qc7 10. f3 b5 11. O-O O-O 12. Rad1 Bb7 13. Ndxb5 axb5 14. Nxb5 Qb8
15. Bb6 d5 16. Nc7 dxe4 17. Nxa8 Bxa8 18. Bd4 Rd8 19. Qc3 Nxd4 20. Rxd4 Qb6 0-1

[Event "Landesliga West MV 2013/14"]
[Site "?"]
[Date "2013.11.24"]
[Round "3.8"]
[White "Silwedel, Bjoern"]
[Black "Goldbach, Aaron"]
[Result "0-1"]
[WhiteElo "1503"]
[BlackElo "1594"]
[PlyCount "108"]
[EventType "team-tourn"]
[EventRounds "9"]
[WhiteTeam "SV Empor Kuehlungsborn"]
[BlackTeam "SC Mecklenburger Springer"]

1. d4 Nf6 2. c4 e6 3. Nf3 b6 4. a3 Bb7 5. Nc3 c5 6. e3 Be7 7. Be2 O-O 8. O-O
cxd4 9. exd4 d5 10. Re1 Qc7 11. b3 Ba6 12. Nb5 Bxb5 13. cxb5 Nbd7 14. Bb2 Rac8
15. Rc1 Qb8 16. Bd3 Rxc1 17. Qxc1 Rc8 18. Qe3 h6 19. h3 Ne8 20. Kh1 Bd6 21. Bg6
Nef6 22. Bd3 Bf4 23. Qe2 Qc7 24. g3 Bd6 25. Kg2 Qd8 26. Ne5 Bxe5 27. dxe5 Ne8
28. b4 Qe7 29. Qd2 Nf8 30. Rc1 Qd7 31. Rc2 Rc7 32. Qc1 Qd8 33. Rxc7 Qxc7 34.
Qc6 Nd7 35. Qxc7 Nxc7 36. a4 Kf8 37. f4 Ke7 38. Kf3 g6 39. Bd4 Ne8 40. g4 Ng7
41. a5 h5 42. Bf2 hxg4+ 43. hxg4 Kf8 44. Kg3 Ne8 45. Bd4 Kg7 46. f5 g5 47. fxe6
fxe6 48. Kf3 Nc7 49. Ke3 Kh6 50. Kd2 Kg7 51. Kc3 Kh6 52. Bc5 bxc5 53. b6 axb6
54. axb6 cxb4+ 0-1

[Event "Landesliga West MV 2013/14"]
[Site "?"]
[Date "2013.11.24"]
[Round "3.1"]
[White "Mueller, Michael"]
[Black "Montag, Ralf"]
[Result "0-1"]
[WhiteElo "1813"]
[BlackElo "1966"]
[PlyCount "46"]
[EventType "team-tourn"]
[EventRounds "9"]
[WhiteTeam "SSC Rostock 07 III"]
[BlackTeam "Post SV Ludwigslust"]

1. d4 Nf6 2. Bg5 c5 3. Bxf6 gxf6 4. d5 Qb6 5. Qc1 f5 6. e3 Bg7 7. c3 e6 8. Bd3
d6 9. e4 fxe4 10. Bxe4 O-O 11. Nd2 f5 12. Bf3 e5 13. Nh3 Bh6 14. g4 Kh8 15. Rg1
Rg8 16. g5 Bf8 17. Bh5 Qc7 18. g6 f4 19. Ng5 hxg6 20. Nde4 gxh5 21. Nf6 Rg6 22.
Ne8 Qe7 23. Qd1 Rxg5 0-1

[Event "Landesliga West MV 2013/14"]
[Site "?"]
[Date "2013.11.24"]
[Round "3.2"]
[White "Illgen, Alexander"]
[Black "Menkhaus, Wolf-Dieter"]
[Result "1/2-1/2"]
[WhiteElo "1876"]
[BlackElo "1821"]
[PlyCount "75"]
[EventType "team-tourn"]
[EventRounds "9"]
[WhiteTeam "Post SV Ludwigslust"]
[BlackTeam "SSC Rostock 07 III"]

1. d4 Nf6 2. c4 c5 3. d5 e5 4. Nc3 d6 5. e4 Be7 6. Bd3 O-O 7. Nge2 Ne8 8. Ng3
g6 9. Qc2 Ng7 10. Bh6 a6 11. O-O Bg5 12. Bxg5 Qxg5 13. Nce2 Bg4 14. f3 Bd7 15.
f4 exf4 16. Rxf4 b5 17. b3 b4 18. Qb2 Bg4 19. Raf1 Nd7 20. Nc1 h5 21. Be2 Bxe2
22. Ngxe2 h4 23. Nd3 Nh5 24. R4f3 Rae8 25. Nef4 Rxe4 26. Qf2 Qe7 27. Nxh5 gxh5
28. Re1 Rxe1+ 29. Nxe1 Re8 30. Nd3 Ne5 31. Re3 Qg5 32. Nf4 Re7 33. h3 a5 34.
Kh1 Ng6 35. Rxe7 Nxe7 36. Qf3 Qf5 37. Nxh5 Qxf3 38. gxf3 1/2-1/2

[Event "Landesliga West MV 2013/14"]
[Site "?"]
[Date "2013.11.24"]
[Round "3.3"]
[White "Moritz, Hartmut"]
[Black "Wiemer, Juergen"]
[Result "1-0"]
[WhiteElo "1816"]
[BlackElo "1840"]
[PlyCount "77"]
[EventType "team-tourn"]
[EventRounds "9"]
[WhiteTeam "SSC Rostock 07 III"]
[BlackTeam "Post SV Ludwigslust"]

1. e4 e5 2. Nf3 Nc6 3. c3 Nf6 4. d4 Bd6 5. Bd3 exd4 6. cxd4 Bb4+ 7. Nc3 d6 8.
d5 Bxc3+ 9. bxc3 Ne7 10. Nd4 O-O 11. O-O c5 12. Ne2 Bd7 13. c4 Rb8 14. a4 Ng6
15. f4 Re8 16. Nc3 Bg4 17. Qc2 Bd7 18. Bb2 Ng4 19. Rae1 a6 20. h3 Nh6 21. Qf2
f6 22. e5 fxe5 23. Bxg6 hxg6 24. fxe5 Bf5 25. Qg3 dxe5 26. Rxe5 Rxe5 27. Qxe5
Qe8 28. Qg3 Rd8 29. Re1 Qf7 30. Ne4 Bxe4 31. Rxe4 b5 32. axb5 axb5 33. Re6 Nf5
34. Qg5 Rd7 35. Rxg6 bxc4 36. Rf6 Qxd5 37. Rxf5 Qd1+ 38. Rf1 Qd3 39. Qxc5 1-0

[Event "Landesliga West MV 2013/14"]
[Site "?"]
[Date "2013.11.24"]
[Round "3.4"]
[White "Meier, Klaus"]
[Black "Herde, Dittmar"]
[Result "1-0"]
[WhiteElo "1850"]
[BlackElo "1807"]
[PlyCount "77"]
[EventType "team-tourn"]
[EventRounds "9"]
[WhiteTeam "Post SV Ludwigslust"]
[BlackTeam "SSC Rostock 07 III"]

1. d4 d5 2. Nf3 Nf6 3. c4 e6 4. Bg5 Be7 5. e3 c5 6. dxc5 Bxc5 7. Nc3 Bb4 8.
cxd5 exd5 9. Qd4 Bxc3+ 10. Qxc3 Be6 11. Bxf6 gxf6 12. Bb5+ Bd7 13. Bxd7+ Nxd7
14. Rd1 Nb6 15. O-O O-O 16. Rd4 Rc8 17. Qd3 Rc4 18. b3 Rxd4 19. Qxd4 Re8 20.
Qg4+ Kh8 21. Rc1 Re7 22. Qf4 Rd7 23. Nd4 Nc8 24. h4 Nd6 25. h5 Kg8 26. h6 Ne8
27. Qf5 Kh8 28. Qg4 Rc7 29. Rxc7 Qxc7 30. Nf5 Qe5 31. Ng7 f5 32. Nxf5 Qa1+ 33.
Kh2 Qf6 34. Qf4 Qd8 35. Qe5+ Kg8 36. Ne7+ Kf8 37. Nxd5 Qh4+ 38. Kg1 f6 39. Qe7+
1-0

[Event "Landesliga West MV 2013/14"]
[Site "?"]
[Date "2013.11.24"]
[Round "3.6"]
[White "Mitscherling, Reinhard"]
[Black "Maertin, Heinz"]
[Result "1/2-1/2"]
[WhiteElo "1837"]
[BlackElo "1768"]
[PlyCount "29"]
[EventType "team-tourn"]
[EventRounds "9"]
[WhiteTeam "Post SV Ludwigslust"]
[BlackTeam "SSC Rostock 07 III"]

1. d4 Nf6 2. Nf3 d6 3. c4 Nbd7 4. Nc3 e5 5. dxe5 dxe5 6. Bg5 Be7 7. e3 O-O 8.
Be2 c6 9. O-O Qc7 10. h3 Rd8 11. Qc2 Nf8 12. Rad1 Be6 13. Rxd8 Rxd8 14. Rd1
Rxd1+ 15. Qxd1 1/2-1/2

[Event "Landesliga West MV 2013/14"]
[Site "?"]
[Date "2013.11.24"]
[Round "3.7"]
[White "Hasenberg, Harald"]
[Black "Emmrich, Olaf"]
[Result "0-1"]
[WhiteElo "1654"]
[BlackElo "1800"]
[PlyCount "28"]
[EventType "team-tourn"]
[EventRounds "9"]
[WhiteTeam "SSC Rostock 07 III"]
[BlackTeam "Post SV Ludwigslust"]

1. d4 Nf6 2. c4 e5 3. dxe5 Ng4 4. e4 Nxe5 5. f4 Ng6 6. Be3 Bb4+ 7. Nd2 Qe7 8.
Bd3 f5 9. e5 O-O 10. Ngf3 d6 11. O-O dxe5 12. fxe5 Nxe5 13. Nxe5 Qxe5 14. Bf4
Qd4+ 0-1

[Event "Landesliga West MV 2013/14"]
[Site "?"]
[Date "2013.11.24"]
[Round "3.8"]
[White "Koester, Klaus-Dieter"]
[Black "Worm, Alfred"]
[Result "1/2-1/2"]
[WhiteElo "1741"]
[BlackElo "1599"]
[PlyCount "80"]
[EventType "team-tourn"]
[EventRounds "9"]
[WhiteTeam "Post SV Ludwigslust"]
[BlackTeam "SSC Rostock 07 III"]

1. e4 c6 2. d4 d5 3. e5 Bf5 4. Nf3 e6 5. Nbd2 Nd7 6. c3 c5 7. Bb5 a6 8. Ba4 b5
9. Bc2 Nh6 10. h3 Qc7 11. Bxf5 Nxf5 12. Nb3 a5 13. Bd2 a4 14. Nc1 Be7 15. Ne2
O-O 16. O-O Rfc8 17. Ng3 Nxg3 18. fxg3 h6 19. Nh4 Qd8 20. Qh5 Qf8 21. Ng6 Qe8
22. Nxe7+ Qxe7 23. Rf2 f5 24. g4 fxg4 25. Qxg4 Kh7 26. Raf1 Rf8 27. Rf3 Rxf3
28. Rxf3 Rf8 29. Rg3 g5 30. h4 Qf7 31. Rf3 Qg6 32. hxg5 Rxf3 33. Qxf3 hxg5 34.
Qg4 Qb1+ 35. Kh2 Qg6 36. Bxg5 cxd4 37. cxd4 Kg7 38. Qf4 Qh5+ 39. Kg1 Qd1+ 40.
Kh2 Qh5+ 1/2-1/2

[Event "Landesliga West MV 2013/14"]
[Site "?"]
[Date "2013.11.24"]
[Round "3.1"]
[White "Borchert, Chris"]
[Black "Hilpert, Andreas"]
[Result "0-1"]
[WhiteElo "2051"]
[BlackElo "1867"]
[PlyCount "54"]
[EventType "team-tourn"]
[EventRounds "9"]
[WhiteTeam "SV Malchower Schachinsel"]
[BlackTeam "Post SV Ludwigslust II"]

1. d4 d5 2. Bg5 c5 3. dxc5 f6 4. Bh4 e5 5. e3 Bxc5 6. Bd3 Be6 7. c3 Qb6 8. b4
Bd6 9. Qh5+ Bf7 10. Qg4 g5 11. Nf3 Ne7 12. Bxg5 h5 13. Qh3 fxg5 14. Nxg5 e4 15.
Nxf7 Kxf7 16. Be2 h4 17. O-O Nbc6 18. c4 Be5 19. cxd5 Nxb4 20. Nd2 Bxa1 21. Nc4
Qf6 22. f3 Kg8 23. fxe4 Qg6 24. Rf4 Bg7 25. Bg4 Rh6 26. Be6+ Kh8 27. Rg4 Qh5
0-1

[Event "Landesliga West MV 2013/14"]
[Site "?"]
[Date "2013.11.24"]
[Round "3.2"]
[White "Krueger, Horst"]
[Black "Arning, Norbert"]
[Result "1/2-1/2"]
[WhiteElo "1931"]
[BlackElo "1944"]
[PlyCount "81"]
[EventType "team-tourn"]
[EventRounds "9"]
[WhiteTeam "Post SV Ludwigslust II"]
[BlackTeam "SV Malchower Schachinsel"]

1. d4 d5 2. c4 e5 3. dxe5 d4 4. Nf3 Nc6 5. g3 Bg4 6. Bg2 Qd7 7. O-O O-O-O 8.
Nbd2 Bh3 9. b4 Bxg2 10. Kxg2 Bxb4 11. Rb1 Bxd2 12. Bxd2 f6 13. Qb3 b6 14. exf6
Nxf6 15. c5 Qd5 16. Rfc1 Qxb3 17. Rxb3 Kb7 18. Bf4 Rhe8 19. a4 Rxe2 20. cxb6
axb6 21. a5 Ra2 22. axb6 cxb6 23. Ne5 Nxe5 24. Bxe5 Rd7 25. Rcb1 Ra6 26. Kf3 h5
27. Bxf6 Rf7 28. Ke4 Rxf6 29. f4 Rd6 30. Rd1 Ra2 31. h3 Re2+ 32. Kf3 Rc2 33.
Rbd3 Rc3 34. g4 hxg4+ 35. hxg4 Kc6 36. Ke4 Rxd3 37. Rxd3 b5 38. Rd1 Rf6 39. f5
g6 40. Rxd4 gxf5+ 41. gxf5 1/2-1/2

[Event "Landesliga West MV 2013/14"]
[Site "?"]
[Date "2013.11.24"]
[Round "3.3"]
[White "Schmidt, Joerg"]
[Black "Fechner, Frank"]
[Result "1/2-1/2"]
[WhiteElo "1897"]
[BlackElo "1760"]
[PlyCount "96"]
[EventType "team-tourn"]
[EventRounds "9"]
[WhiteTeam "SV Malchower Schachinsel"]
[BlackTeam "Post SV Ludwigslust II"]

1. Nf3 Nf6 2. c4 c5 3. d4 cxd4 4. Nxd4 g6 5. Nc3 Bg7 6. g3 Nc6 7. Bg2 O-O 8.
O-O Qb6 9. e3 d6 10. b3 Bd7 11. Bb2 a6 12. Qd2 Rac8 13. Rad1 Nxd4 14. exd4 e6
15. Ba3 Rfd8 16. Kh1 Qc7 17. Rc1 Qb8 18. Ne2 b5 19. c5 dxc5 20. Rxc5 Rxc5 21.
Bxc5 Bf8 22. Qa5 Bxc5 23. dxc5 Rc8 24. b4 Qe5 25. Nf4 g5 26. Nh3 Bc6 27. Bxc6
Rxc6 28. Qd8+ Kg7 29. Qd2 h6 30. f3 Nd5 31. a3 a5 32. Nf2 axb4 33. axb4 Qc3 34.
Qxc3+ Nxc3 35. Ra1 Nd5 36. Nd3 Nxb4 37. Nxb4 Rxc5 38. Kg2 Rc4 39. Rb1 f5 40.
Kf2 Kf6 41. Rb2 h5 42. Ke2 h4 43. Kd3 hxg3 44. hxg3 g4 45. f4 e5 46. fxe5+ Kxe5
47. Re2+ Kd6 48. Nc2 f4 1/2-1/2

[Event "Landesliga West MV 2013/14"]
[Site "?"]
[Date "2013.11.24"]
[Round "3.4"]
[White "Moutaqi, Sandra"]
[Black "Hertel-Mach, Frank"]
[Result "1-0"]
[WhiteElo "1746"]
[BlackElo "1798"]
[PlyCount "55"]
[EventType "team-tourn"]
[EventRounds "9"]
[WhiteTeam "Post SV Ludwigslust II"]
[BlackTeam "SV Malchower Schachinsel"]

1. d4 Nf6 2. c4 e6 3. Nf3 c5 4. e3 cxd4 5. exd4 d5 6. c5 Nc6 7. Bd3 Qc7 8. Nc3
b6 9. Nb5 Qb7 10. cxb6 Qxb6 11. O-O a6 12. Nc3 Bd6 13. Re1 Qc7 14. Bg5 Ne7 15.
Bxf6 gxf6 16. Qc2 h6 17. Qa4+ Kf8 18. Rac1 Qb8 19. Rc2 Ra7 20. Rce2 Bd7 21. Qc2
Kg7 22. g3 Rc8 23. Qd2 e5 24. dxe5 fxe5 25. Nxe5 d4 26. Nxf7 Kxf7 27. Qxh6 Ng8
28. Bg6+ 1-0

[Event "Landesliga West MV 2013/14"]
[Site "?"]
[Date "2013.11.24"]
[Round "3.5"]
[White "Kuehn, Peter"]
[Black "Schulz, Gerhard"]
[Result "1-0"]
[WhiteElo "1798"]
[BlackElo "1679"]
[PlyCount "67"]
[EventType "team-tourn"]
[EventRounds "9"]
[WhiteTeam "SV Malchower Schachinsel"]
[BlackTeam "Post SV Ludwigslust II"]

1. e4 e5 2. Nf3 Nf6 3. Nxe5 d6 4. Nf3 Nxe4 5. Nc3 Nxc3 6. dxc3 Be7 7. Bf4 Nd7
8. Qd2 Nf6 9. O-O-O Be6 10. Kb1 a5 11. Nd4 Bd7 12. f3 a4 13. g4 O-O 14. h4 a3
15. b3 c6 16. h5 Nd5 17. Bg3 Qa5 18. b4 Qd8 19. c4 Nb6 20. Bf4 d5 21. c5 Na4
22. g5 b6 23. Bd3 bxc5 24. Bxh7+ Kxh7 25. g6+ Kg8 26. h6 Bf6 27. hxg7 Bxg7 28.
Qh2 fxg6 29. Qh7+ Kf7 30. Be5 Rg8 31. Rdg1 Qe7 32. Qxg6+ Kf8 33. Bd6 Bxd4 34.
Qxg8# 1-0

[Event "Landesliga West MV 2013/14"]
[Site "?"]
[Date "2013.11.24"]
[Round "3.6"]
[White "Lange, Marius"]
[Black "Fechner, Henrik"]
[Result "1/2-1/2"]
[WhiteElo "1607"]
[BlackElo "1771"]
[PlyCount "51"]
[EventType "team-tourn"]
[EventRounds "9"]
[WhiteTeam "Post SV Ludwigslust II"]
[BlackTeam "SV Malchower Schachinsel"]

1. e4 c6 2. d4 d5 3. exd5 cxd5 4. Nf3 Nf6 5. Bd3 e6 6. c3 Be7 7. Bf4 O-O 8. O-O
Nbd7 9. Nbd2 a6 10. Qc2 b5 11. Ne5 Bb7 12. Rac1 Nb6 13. Bg5 h6 14. Bxf6 Bxf6
15. Ndf3 Nc4 16. b3 Nxe5 17. Nxe5 Bxe5 18. dxe5 Rc8 19. Qd2 Qa5 20. Rc2 Rc6 21.
Rfc1 Rfc8 22. Qe1 Qc7 23. h3 Qb6 24. Qd2 Rd8 25. Re1 Rdc8 26. Rec1 1/2-1/2

[Event "Landesliga West MV 2013/14"]
[Site "?"]
[Date "2013.11.24"]
[Round "3.7"]
[White "Schmidt, Robert"]
[Black "Fitz, Baldur"]
[Result "1-0"]
[WhiteElo "1688"]
[BlackElo "1558"]
[PlyCount "65"]
[EventType "team-tourn"]
[EventRounds "9"]
[WhiteTeam "SV Malchower Schachinsel"]
[BlackTeam "Post SV Ludwigslust II"]

1. Nf3 d5 2. b3 e6 3. Bb2 Nf6 4. e3 Nbd7 5. g3 b6 6. Bg2 Bb7 7. O-O Bd6 8. c4
dxc4 9. bxc4 c5 10. Nc3 Ne5 11. Nxe5 Bxg2 12. Nxf7 Kxf7 13. Kxg2 Rf8 14. f4 Kg8
15. e4 Be7 16. e5 Ne8 17. Qe2 g6 18. Rad1 a6 19. Qe4 Ra7 20. d4 Rd7 21. d5 exd5
22. cxd5 Qb8 23. d6 Bd8 24. Qd5+ Kg7 25. e6 Rxd6 26. Ne4+ Bf6 27. Bxf6+ Rxf6
28. Nxd6 Nc7 29. Qb7 Qxb7+ 30. Nxb7 Nxe6 31. Rd6 Nd4 32. Rxf6 Kxf6 33. Rb1 1-0

[Event "Landesliga West MV 2013/14"]
[Site "?"]
[Date "2013.11.24"]
[Round "3.8"]
[White "Lange, Stefan"]
[Black "Wendt, Uwe"]
[Result "1/2-1/2"]
[WhiteElo "1557"]
[BlackElo "1660"]
[PlyCount "38"]
[EventType "team-tourn"]
[EventRounds "9"]
[WhiteTeam "Post SV Ludwigslust II"]
[BlackTeam "SV Malchower Schachinsel"]

1. e4 e5 2. Nf3 Nf6 3. Nc3 Nc6 4. Bc4 Be7 5. O-O O-O 6. d3 d6 7. h3 Na5 8. Bb3
Nxb3 9. axb3 c6 10. Qe2 Be6 11. Bg5 Qc7 12. Rfe1 b6 13. Qe3 Rfe8 14. Bxf6 Bxf6
15. Ng5 Bxg5 16. Qxg5 h6 17. Qg3 a6 18. f4 exf4 19. Qxf4 Re7 1/2-1/2

[Event "Landesliga West MV 2013/14"]
[Site "?"]
[Date "2013.12.15"]
[Round "4.1"]
[White "Stadler, Bertino"]
[Black "Littke, Helmut"]
[Result "1/2-1/2"]
[WhiteElo "1654"]
[BlackElo "2019"]
[PlyCount "62"]
[EventType "team-tourn"]
[EventRounds "9"]
[WhiteTeam "SV Empor Kuehlungsborn"]
[BlackTeam "ASV GW Wismar"]

1. e4 c5 2. Nf3 d6 3. d4 cxd4 4. Nxd4 Nf6 5. Bd3 e5 6. Nb3 Be7 7. Nc3 Nc6 8. h3
Be6 9. Be3 a5 10. Na4 Nd7 11. Qe2 Bg5 12. O-O O-O 13. Rad1 Nb4 14. a3 Nxd3 15.
Qxd3 b5 16. Qxb5 Bxe3 17. fxe3 Qg5 18. Rf3 f5 19. Rxd6 fxe4 20. Rxf8+ Rxf8 21.
Rxe6 Qxe3+ 22. Kh2 Qf4+ 23. Kh1 e3 24. Nc3 Qf2 25. Ne2 Qf1+ 26. Kh2 Rf2 27. Qd5
Kh8 28. Re8+ Nf8 29. Qa8 Kg8 30. Qd5+ Kh8 31. Qa8 Kg8 1/2-1/2